Methods of Test for Vulcanized Rubbers. Part XI. Determination of rebound resilience (Record no. 73657)

MARC details
000 -LEADER
fixed length control field 00448nam a2200133Ia 4500
245 #0 - TITLE STATEMENT
Title Methods of Test for Vulcanized Rubbers. Part XI. Determination of rebound resilience
260 ## - PUBLICATION, DISTRIBUTION, ETC. (IMPRINT)
Place of publication New Delhi
260 ## - PUBLICATION, DISTRIBUTION, ETC. (IMPRINT)
Year of publication 1969
Name of publisher ISI
490 ## - SERIES STATEMENT
Series statement Methods of Testing Vulc Rubbers Subcom,CDC 6:9
500 ## - GENERAL NOTE
General note Standard number: IS 3400 (Part XI)
650 ## - SUBJECT ADDED ENTRY--TOPICAL TERM
Topical Term Rubber vulcanized, rebound resilience
942 ## - ADDED ENTRY ELEMENTS (KOHA)
Koha item type Standards
Holdings
Withdrawn status Lost status Damaged status Not for loan Home library Current library Date acquired Koha item type
      Standards RRII Library RRII Library 31/12/2021 Standards